<?xml version="1.0" encoding="UTF-8"?>
<record
    xmlns:xsi="http://www.w3.org/2001/XMLSchema-instance"
    xsi:schemaLocation="http://www.loc.gov/MARC21/slim http://www.loc.gov/standards/marcxml/schema/MARC21slim.xsd"
    xmlns="http://www.loc.gov/MARC21/slim">

  <leader>01734nam a2200241Ia 4500</leader>
  <controlfield tag="001">b6518-46639 </controlfield>
  <controlfield tag="003">IT-MiCISF</controlfield>
  <controlfield tag="005">20250502124333.0</controlfield>
  <controlfield tag="008">161014s9999||||xx |||||||||||||| ||und||</controlfield>
  <datafield tag="040" ind1=" " ind2=" ">
    <subfield code="a">IT-MiCISF</subfield>
    <subfield code="c">IT-MiCISF</subfield>
  </datafield>
  <datafield tag="041" ind1=" " ind2=" ">
    <subfield code="a">it</subfield>
  </datafield>
  <datafield tag="100" ind1=" " ind2=" ">
    <subfield code="a">Nicolli Sergio (a cura di)</subfield>
    <subfield code="9">59891</subfield>
  </datafield>
  <datafield tag="245" ind1=" " ind2="0">
    <subfield code="a">Stile di vita della famiglia cristiana</subfield>
  </datafield>
  <datafield tag="260" ind1=" " ind2=" ">
    <subfield code="a"> Siena,</subfield>
    <subfield code="b">Cantagalli,</subfield>
    <subfield code="c">2009</subfield>
  </datafield>
  <datafield tag="300" ind1=" " ind2=" ">
    <subfield code="a">pp. 372</subfield>
  </datafield>
  <datafield tag="500" ind1=" " ind2=" ">
    <subfield code="a"> famiglia, religione, stile-di-vita, pastorale-familiare, spiritualit&#xE0;-familiare, patristica, amore-coniugale </subfield>
  </datafield>
  <datafield tag="520" ind1=" " ind2=" ">
    <subfield code="a">Da cosa si riconosce l'impronta cristiana di una famiglia? Certamente dal fatto che prega, che va a Messa, che vive un cammino formativo nella comunit&#xE0; cristiana. Ma &#xE8; uno stile che deve caratterizzare un po' alla volta la vita quotidiana in tutte le sue espressioni: dalla fede e dall'incontro quotidiano con il Signore dovrebbero assumere un'impronta originale le relazioni tra gli sposi, con i figli, con la comunit&#xE0; ecclesiale e civile; dovrebbe cambiare in modo graduale anche il rapporto con i beni materiali, con il denaro, con il tempo e con gli impegni della vita quotidiana. Tutte queste tematiche sono state oggetto di interventi di grande spessore nel corso delle Settimane di studio sulla spiritualit&#xE0; coniugale tenutesi nel biennio 2007-08, di cui questo volume presenta gli atti.</subfield>
  </datafield>
  <datafield tag="650" ind1=" " ind2=" ">
    <subfield code="a">Pastorale-familiare</subfield>
    <subfield code="e">012</subfield>
  </datafield>
  <datafield tag="654" ind1=" " ind2=" ">
    <subfield code="a">atti</subfield>
  </datafield>
  <datafield tag="700" ind1=" " ind2=" ">
    <subfield code="a">Nicolli S., Tortalla E. e M., Brambilla F.G., Belletti F., Di Nicola G.P., Danese A., Totaro F., Guarinelli S., Zattoni M.,</subfield>
    <subfield code="a"> Gillini G., Bartolini E.L., Rota Scalabrini P., Genovese A., Siviglia Sammartino I., Mariorano S., Noriega J., Dianich S. </subfield>
    <subfield code="9">62126</subfield>
  </datafield>
  <datafield tag="942" ind1=" " ind2=" ">
    <subfield code="c">BK</subfield>
    <subfield code="2">ddc</subfield>
  </datafield>
  <datafield tag="999" ind1=" " ind2=" ">
    <subfield code="c">210519</subfield>
    <subfield code="d">210519</subfield>
  </datafield>
  <datafield tag="999" ind1=" " ind2=" ">
    <subfield code="b">si</subfield>
  </datafield>
  <datafield tag="952" ind1=" " ind2=" ">
    <subfield code="0">0</subfield>
    <subfield code="1">0</subfield>
    <subfield code="4">0</subfield>
    <subfield code="6">B_651846639</subfield>
    <subfield code="7">1</subfield>
    <subfield code="a">CISF</subfield>
    <subfield code="b">CISF</subfield>
    <subfield code="d">2016-10-14</subfield>
    <subfield code="l">0</subfield>
    <subfield code="o">b6518-46639 </subfield>
    <subfield code="r">2016-10-14 00:00:00</subfield>
    <subfield code="w">2016-10-14</subfield>
    <subfield code="y">BK</subfield>
    <subfield code="z">Data import 15.10.2016 / by Epidotti, Vaglietti</subfield>
  </datafield>
</record>
